Normal view
MARC view
- الجغرافيا السياسية - آسيا الوسطى -- الجغرافيا السياسية - دول الخليج العربية -- إيران - علاقات خارجية - روسيا -- روسيا - علاقات خارجية -- إيران
Entry Topical Term
001 - CONTROL NUMBER
- control field: 15730
003 - CONTROL NUMBER IDENTIFIER
- control field: JO-AjAnu
005 - DATE AND TIME OF LATEST TRANSACTION
- control field: 20230606072817.0
008 - FIXED-LENGTH DATA ELEMENTS
- fixed length control field: 230606|| aca||aabn | a|a d
040 ## - CATALOGING SOURCE
- Original cataloging agency: JO-AjAnu
- Transcribing agency: JO-AjAnu
150 ## - HEADING--TOPICAL TERM
- Topical term or geographic name entry element: الجغرافيا السياسية - آسيا الوسطى -- الجغرافيا السياسية - دول الخليج العربية -- إيران - علاقات خارجية - روسيا -- روسيا - علاقات خارجية -- إيران
670 ## - SOURCE DATA FOUND
- Source citation: Work cat.: (JO-AjAnu)8078: الشحف ، فريد حاتم , author 15729, العلاقات الروسية الإيرانية وأثرها على الخريطة الجيوسياسية في منطقة الخليج العربي ومنطقة آسيا الوسطى والقفقاس